Quizzes
Events
Quiz Creation
Community
Videos
Private Events
Remove Ads
Sign In
Join for FREE
Feedback
Dark Mode
Quiz Categories
Sports
Geography
Music
Movies
Television
Just For Fun
Miscellaneous
History
Literature
Language
Science
Gaming
Entertainment
Religion
Holiday
For Kids
Quiz Lab
Recent
Popular Today
Quiz Kudos Today
Editor Picks
Curator Picks
Quizzes by...
Day
Popularity
Type
Ratings
Length
Year
Community
Subscriptions
Recent Discussions
Orange Saloon
Badges
Playlists
Quests
Create
Leaderboards
Showdown
Live 5
Trivia Bingo
Activity
Puzzle Library
Sporcle Events
Private Events
Virtual Trivia
Globe League
Become a Host
Pub Owners
SporcleCon
Opinionation
Our Games
Videos
Blog
Mobile Apps
Partnerships
Remove Ads and Go Orange
Feedback
Language
Vocabulary
Begins and Ends
Definition
Spanish
French
German
Italian
Chinese
Latin
Translation
Japanese
Language
Vocabulary
Begins and Ends
Definition
Spanish
French
German
Italian
Chinese
Latin
Translation
Japanese
Random Quiz
Search Sporcle
×
Quiz Lab
Quiz Lab
Language
Letter
Type in answers that appear in a list
Type in answers that appear in a list
Classic
Best Score? Go Orange.
Welsh Scrabble Tile Values Stats
Can you name the Welsh Scrabble Tile Values?
By
jonty
60s
28 Questions
98 Plays
98 Plays
98 Plays
Comments
Comments
Give Quiz Kudos
Give Quiz Kudos
-
- Ratings
hide this ad
No Skip
Answers have to be entered in order without skipping
Answers have to be entered in order without skipping
Replay
Link that replays current quiz
Next Quiz
Link to next quiz in quiz playlist
You Got
0%
They Got
Avg Score
60%
Avg Friend Score
Upgrade to see
Score Distribution
Jump to the score distribution portion of the page
Score
0/28
Timer
01:00
0
Plays Today
Letter
Value
% Correct
?
???
100%
?
???
92.9%
?
???
84.7%
?
???
83.7%
?
???
83.7%
?
???
82.7%
?
???
81.6%
?
???
81.6%
?
???
79.6%
?
???
77.6%
?
???
70.4%
?
???
65.3%
?
???
64.3%
?
???
63.3%
Letter
Value
% Correct
?
???
60.2%
?
???
58.2%
?
???
56.1%
?
???
52%
?
???
48%
?
???
44.9%
?
???
41.8%
?
???
41.8%
?
???
37.8%
?
???
32.7%
?
???
29.6%
?
???
26.5%
?
???
25.5%
?
???
21.4%
Quiz Playlist
Details
Report
Send in Message
Add To Playlist
Classic:
Type in answers that appear in a list
No Skip:
Answers have to be entered in order without skipping
Last Updated: Feb 16, 2017
Quiz Scoreboard
CHALLENGE
Sign Up to Join the Scoreboard
Show All
Scores
Hide
Comments
May contain spoilers
Recently Published
Click the 1999 NBA Draft
by nibperrychub
Sports
2m
Alphabetical 'K' Countries by Flag Minefield
by ylime102
Geography
3m
Pick 6: Fruits
by JohnFran
Miscellaneous
15s
More to Explore
Quiz From the Vault
Featured Blog Post
15 Basketball Trivia Facts You Can Be March Mad About
hide this ad
You Might Also Like...
Tags
Letter Quiz
Numbers Quiz
Scrabble
tile
Welsh
Today's Top Quizzes in Language
Browse Language
hide this ad
Today's Top Quizzes in Letter
Browse Letter
Top Contributed Quizzes in Language
1
Spring or Fall
2
Spanish Seasons
3
Multilingual Seasons
4
Name the 4 Seasons in English
5
Seasonal Rhymes
6
Spring or Fall?
7
Guess the Word in 3 Words
8
Quick Pick: Seasons in Esperanto
9
Hiragana Speed Reading
10
Chinese Mandarin Numbers 1-10 Characters
Explore More
Trending Topics
Disney
Anime
Crossword
Harry Potter
Marvel
Kpop
NBA
The Office
Country
Puzzle
WWE
Pokémon
Soccer
Song
NFL
hide this ad
More By:
jonty
Quiz
Plays
Rating
Category
Featured
Created
Country Quiz: Taiwan
2,517
2.13
Geography
Jul 6, 2010
Italian Renaissance States
1,214
3.22
Geography
Aug 19, 2010
Largest UK Cities
413
4.20
Geography
Apr 2, 2012
All Time La Liga Top Scorers
413
3.67
Sports
Oct 19, 2010
2011 Cricket World Cup Final Lineups
257
3.00
Sports
Apr 2, 2011
Go to Creator's Profile
Score Distribution
Quiz Creator Spotlight
jonty
Follow
Send a Message
Quizzes Created
-
Created Quiz Play Count
-
More By This Creator
Popular Quizzes Today
1
Find the US States - No Outlines Minefield
2
Countries of Asia Without Outlines Minefield
3
Pick 6: Fruits
4
Alphabetical 'K' Countries by Flag Minefield
5
The Countries of the World
6
Find the US States
7
Match the Book to the Film X
8
Click the 1999 NBA Draft
More Language Quizzes
1-10 Letter B Words II
Published
Trending Quizzes
Pick 6: Harry Potter
Pick 6: Mountains
Pick 6: NFL Teams
Pick 6: Movie Franchises
Pick 6: Golfers
Recently Updated
Women's Final Four Teams by Year
bhenderson79
Presidents Quartet II
eogle
Anything But Clue(do)
eogle
Anything But Oceanian Capitals
eogle
Anything But 7
eogle
Anything But Thing
eogle
Word Ladder: February 29
pecheneg
Song Title Questions
pecheneg
Women's NCAA Tournament #1 Seeds
pecheneg
Celebrity Mug Shots
pecheneg
Trending Topics
Marvel
Harry Potter
Kpop
NBA
Anime
Crossword
Disney
Country
WWE
Puzzle
NFL
Song
Soccer
Pokémon
The Office
Your Account Isn't Verified!
In order to create a playlist on Sporcle, you need to verify the email address you used during registration. Go to your
Sporcle Settings
to finish the process.
Report this User
Report this user for behavior that violates our
Community Guidelines
.
Details:
Send Report
Go to the Sporcle.com Mobile Site →
Comments